| 000 | 01069cam a22002655a 4500 | ||
|---|---|---|---|
| 001 | L145790 | ||
| 008 | 081107s2007 xxkado f 00 0 eng u | ||
| 020 | _a1843184338 | ||
| 022 | _a1477-1160 | ||
| 035 | _a(Sirsi) u145790 | ||
| 041 | 0 | _aeng | |
| 050 | 0 | 4 | _a690 $2 18 |
| 245 | 0 | 0 |
_aTargetjobs _bconstruction and building services 2008 |
| 250 | _a19th ed. | ||
| 260 |
_aWallingford _bGTI Specialist Publishers _c2007 |
||
| 300 |
_a64 p. _bill. _c28cm. |
||
| 505 | 2 | _aIntroducing construction -- Successful applications -- Areas of work -- Advancing your career -- Posgraduate study -- Employers and course providers | |
| 520 | _aProvides advice for graduates seeking jobs in construction and building services. Includes information on different sectors of the industry, as well as guidance on career development and a job hunting guide. Also sets out profiles of employers and course providers. | ||
| 521 | _aIntroductory | ||
| 590 | _aKA | ||
| 651 | 4 |
_aUnited Kingdom _y |
|
| 690 |
_aBlock management _96220 |
||
| 700 | 1 | _aLewis, Abigail | |
| 942 | _n0 | ||
| 999 |
_c108923 _d108923 |
||